Normal view
MARC view
- PRINTED CIRCUITS-DESIGN AND CONSTRUCTION.ELECTRONIC CIRCUITS-NOISE.ELECTROMAGNETIC INTERFERENCE
Entry Topical Term
001 - CONTROL NUMBER
- control field: 59277
003 - CONTROL NUMBER IDENTIFIER
- control field: NUST
005 - DATE AND TIME OF LATEST TRANSACTION
- control field: 20210628202316.0
008 - FIXED-LENGTH DATA ELEMENTS
- fixed length control field: 210628|| aca||aabn | a|a d
040 ## - CATALOGING SOURCE
- Original cataloging agency: NUST
- Transcribing agency: NUST
150 ## - HEADING--TOPICAL TERM
- Topical term or geographic name entry element: PRINTED CIRCUITS-DESIGN AND CONSTRUCTION.ELECTRONIC CIRCUITS-NOISE.ELECTROMAGNETIC INTERFERENCE
670 ## - SOURCE DATA FOUND
- Source citation: Work cat.: (NUST): Thierauf , Stephen .C 59276, High speed circuit board signal integrity, 2004
